Tuyển tập 40 bài luận Anh văn

保存先:
書誌詳細
第一著者: An Giang
フォーマット: 図書
言語:Vietnamese
出版事項: Tp. Hồ Chí Minh Nxb. Trẻ 1998
主題:
タグ: タグ追加
タグなし, このレコードへの初めてのタグを付けませんか!
Thư viện lưu trữ: Mạng thư viện Đại học Đà Nẵng
LEADER 01101nam a2200301 4500
001 000016032
003 12421
005 20120725140710.0
008 120608s1998 viesd
041 0 |a vie 
082 |a 428  |b AN-G 
100 0 |a An Giang 
245 0 |a Tuyển tập 40 bài luận Anh văn  |c An Giang, Nguyễn Văn Ân 
260 |a Tp. Hồ Chí Minh  |b Nxb. Trẻ  |c 1998 
300 |a 261tr.  |c 20 cm 
500 |a Tài liệu tham khảo cho học sinh và Sinh viên Việt Nam đã và đang chuẩn bị bước vào Giảng đường Đại học với chuyên khoa Ngoại ngữ 
653 |a tiếng anh 
653 |a bài luận 
OWN |a LSP 
AVA |a UDN50  |b LSP  |d 428 AN-G  |e available  |t Error 5001 Not defined in file expand_doc_bib_avail.  |f 3  |g 0  |h N  |i 0  |k 1 
999 |a From the UDN01 
AVA |a UDN50  |b LSP  |d 428 AN-G  |e available  |t Error 5001 Not defined in file expand_doc_bib_avail.  |f 3  |g 0  |h N  |i 0  |k 1 
TYP |a Monograph 
TYP |a Printed language 
980 |a Mạng thư viện Đại học Đà Nẵng